00331nam a2200097Ia 4500008004100000050002100041245008200062260004100144300001600185650003200201151021s9999 xx 000 0 und d aHC 865.K47 2013  a_Siaya County Development Profile/ Kenya Ministry of Devolution and Planning  aNairobi : Government Printers, 2013  axvi,123 p.  a_County Vision and Mission